التوراه / (Record no. 17844)
[ view plain ]
| 000 -الفاتح | |
|---|---|
| حقل البيانات ثابتة الطول | 00636nam a22001937a 4500 |
| 008 - عناصر البيانات ثابتة الطول - معلومات عامة | |
| حقل البيانات ثابتة الطول | 131212n19uu xx ||||gr|||| 000 0 ara d |
| 082 04 - رقم تصنيف ديوى العشرى | |
| رقم الطبعة | 22 |
| رقم التصنيف | 272.2 |
| رقم المادة | م ح م |
| 100 1# - المدخل الرئيسى - إسم شخصى | |
| 9 (RLIN) | 34614 |
| الإسم الشخصى | محمود، مصطفى، |
| التواريخ المصاحبة للاسم | 1921-2009 |
| 245 12 - بيان العنوان | |
| العنوان | التوراه / |
| بيان المسئوليه,etc | مصطفى محمود. |
| 260 ## - PUBLICATION, DISTRIBUTION, ETC. (IMPRINT) | |
| مكان الناشر او الموزع | [د. م.] : |
| اسم الناشر او الموزع | دار المعارف، |
| تاريخ النشر أو التوزيع | [19--] |
| 300 ## - الوصف المادى | |
| التعداد | 96 ص. ؛ |
| أبعاد الوعاء | 20 سم. |
| 590 ## - تبصرة محلية(RLIN) | |
| تبصرة محلية | Book for the road program. |
| 630 2# - المدخل الاضافى بالموضوع - عنوان موحد | |
| عنوان موحد | التورة |
| 9 (RLIN) | 34628 |
| 650 #0 - المدخل الاضافى بالموضوع-مصطلح موضوعى | |
| مصطلح موضوعي أو اسم جغرافي كعنصر مدخل | الكتب السماوية |
| 9 (RLIN) | 16911 |
| 653 ## - مصطلح تكشيفى غير مقيد | |
| Resource For college | |
| Arrived date list | December2013 |
| 655 ## - مصطلح تكشيفى-نوع/شكل | |
| التقسيم الفرعي الشكلي | |
| -- | 34232 |
| 730 2# - المدخل الاضافى- عنوان موحد | |
| عنوان موحد | التوراة |
| 9 (RLIN) | 34629 |
| 942 ## - عناصر المدخل الإضافي( كوها) | |
| مصدر التصنيف او مخطط الترفيف | Dewey Decimal Classification |
| Koha [default] item type | Book - Borrowing |
| سابقة رقم الطلب | 272.2 م ح م |
| حالة التراجع | حالة الفقد | مصدر التصنيف او خطة الترفيف | حالة تلف | ليس للاعارة | مجموعات كوها | المكان الدائم | المكان الحالي | موقع الترفيف | تاريخ الاكتساب | Source of acquisition | سعر الشراء الطبيعي | رقم الاستدعاء | الباركود | Date last seen | مُعار | رقم الطبعة | التكلفة | نوع الوعاء |
|---|---|---|---|---|---|---|---|---|---|---|---|---|---|---|---|---|---|---|
| Dewey Decimal Classification | سور الازبكية | Central Library | Central Library | Lower Floor | 12/12/2013 | Purchase | 15.00 | 272.2 م ح م | 000035177 | 15/07/2025 | 03/01/2024 | 18.75 | Book - Borrowing |